00340pab a2200121 454500008004000000100001700040245006300057260000900120300001300129650001900142650001800161773003900179180718b2009 xxu||||| |||| 00| 0 eng d aGratz, Jonas aEnergy relations with Russia and gas market liberalization c2009 ap.66-80. aLiberalization aEnergy policy aInternational Politics and Society